000 00476pab a2200169 454500
008 180718b1997 xxu||||| |||| 00| 0 eng d
100 _aConmor, Emmet O.
245 _aReds and the green: problems of the history and historiography of communism in Ireland
260 _c1997
300 _ap.113-18
362 _aSpring
650 _aPolitical parties - Ireland
650 _aCommunism - Ireland
650 _aCommunism
773 _aScience and Society
909 _a36805
999 _c36805
_d36805